Principios de finanzas corporativas (Registro nro. 4563)

Detalles MARC
000 -LEADER
fixed length control field 02730 a2200265 4500
001 - CONTROL NUMBER
control field 48124
005 - DATE AND TIME OF LATEST TRANSACTION
control field 20260407155748.0
008 - FIXED-LENGTH DATA ELEMENTS--GENERAL INFORMATION
fixed length control field 260407a2015 arg spa d
003 - CONTROL NUMBER IDENTIFIER
control field AR-UNSa-BCEJYS
040 ## - CATALOGING SOURCE
Original cataloging agency AR-UNSa-BCEJYS
Language of cataloging spa
Transcribing agency AR-UNSa-BCEJYS
080 ## - UNIVERSAL DECIMAL CLASSIFICATION NUMBER
Universal Decimal Classification number 658.15
Common auxiliary subdivision Administración financiera privada. Gestión financiera de empresas<br/>
020 ## - INTERNATIONAL STANDARD BOOK NUMBER
International Standard Book Number 978-607-15-1312-0
041 ## - LANGUAGE CODE
Language code of text/sound track or separate title spa
100 1# - MAIN ENTRY--PERSONAL NAME
Personal name Brealey, Richard A.
245 10 - TITLE STATEMENT
Title Principios de finanzas corporativas
250 ## - EDITION STATEMENT
Edition statement 11a. ed.
264 #1 - PRODUCTION, PUBLICATION, DISTRIBUTION, MANUFACTURE, AND COPYRIGHT NOTICE
Place of production, publication, distribution, manufacture México :
Name of producer, publisher, distributor, manufacturer McGraw-Hill
Date of production, publication, distribution, manufacture, or copyright notice 2015
300 ## - PHYSICAL DESCRIPTION
Extent xxii, 926 p.
Dimensions 27 cm.
505 ## - FORMATTED CONTENTS NOTE
Formatted contents note PRIMERA PARTE: Valor: 1. Introducción a las finanzas corporativas - 2. Cómo calcular valores presentes - 3. Valuación de bonos - 4. Valuación de acciones ordinarias - 5. Valor presente neto y otros criterios de inversión - 6. Toma de decisiones de inversión con la regla del valor presente neto - SEGUNDA PARTE: Riesgo: 7. Introducción al riesgo y al rendimiento - 8. Teoría del portafolio y modelo de valuación de activos de capital - 9. Riesgo y costo del capital - TERCERA PARTE: Las mejores prácticas en el presupuesto de capital: 10. Análisis de proyectos - 11. Inversión, estrategia y rentas económicas - 12. Problemas de agencia, compensación y medición del desempeño - CUARTA PARTE: Decisiones financieras y eficiencia de mercado - 13. Mercados eficientes y finanzas conductuales - 14. Panorama general del financiamiento corporativo - 15. Forma en la que las corporaciones emiten valores - QUINTA PARTE: Políticas de pago y estructura de capital: 16. Política de pago de dividendos - 17. ¿Es importante la política de endeudamiento? - 18. ¿Cuánto debe endeudarse una empresa? - 19. Financiamiento y valuación - SEXTA PARTE: Opciones: 20. Entender las opciones - 21. Valuación de opciones - 22. Opciones reales - SÉPTIMA PARTE: Financiamiento de la deuda: 23. Riesgo de crédito y valor de la deuda corporativa - 24. Los muchos tipos de deuda - 25. Arrendamiento - OCTAVA PARTE: Administración del riesgo: 26. Administración de riesgos - 27. Administración de riesgos internacionales - NOVENA PARTE: Planeación financiera y administración del capital de trabajo: 28. Análisis financiero - 29. Planeación financiera - 30. Administración del capital de trabajo - DÉCIMA PARTE: Fusiones, control corporativo y gobierno: 31. Fusiones - 32. Reestructuración corporativa - UNDÉCIMA PARTE: Conclusión: 34. Lo que sabemos y lo que no sabemos sobre finanzas.
590 ## - LOCAL NOTE (RLIN)
Local note niveau_biblio:m niveau_hierar:0
700 1# - ADDED ENTRY--PERSONAL NAME
Personal name Myers, Stewart C.
700 1# - ADDED ENTRY--PERSONAL NAME
Personal name Allen, Franklin
856 41 - ELECTRONIC LOCATION AND ACCESS
Uniform Resource Identifier <a href="https://www.biblioeco.unsa.edu.ar/pmb/images/libros/L127877.jpg">https://www.biblioeco.unsa.edu.ar/pmb/images/libros/L127877.jpg</a>
Link text Imagen de portada
Electronic format type image/jpeg
942 ## - ADDED ENTRY ELEMENTS (KOHA)
Koha item type
Existencias
Withdrawn status Lost status Damaged status Not for loan Home library Current library Shelving location Date acquired Total checkouts Full call number Barcode Date last seen Price effective from Koha item type
        Biblioteca Prof. Eusebio Cleto del Rey Biblioteca Prof. Eusebio Cleto del Rey   07/04/2026   658.15 B828 11ed. L127877 07/04/2026 07/04/2026 Libro
        Biblioteca Prof. Eusebio Cleto del Rey Biblioteca Prof. Eusebio Cleto del Rey   07/04/2026   658.15 B828 11ed. L128121 07/04/2026 07/04/2026 Libro
        Biblioteca Prof. Eusebio Cleto del Rey Biblioteca Prof. Eusebio Cleto del Rey   07/04/2026   658.15 B828 11ed. L128122 07/04/2026 07/04/2026 Libro
        Biblioteca Prof. Eusebio Cleto del Rey Biblioteca Prof. Eusebio Cleto del Rey   07/04/2026   658.15 B828 11ed. L128123 07/04/2026 07/04/2026 Libro